000 01010nam a2200277 a 4500
003 DO-SdBNP
005 20251010105323.0
007 ta
008 131128s2006 000 spa d
020 _a9993467340
040 _aDO-SdBNP
_bspa
_cDO-SdBNP
_erda
041 _aspa
082 4 _a781.6397293
_bC436a 2025
_222
100 1 _aChaljub Mejía, Rafael
_d1942-
_918985
245 0 _aAntes de que te vayas... :.
_btrayectoria del merengue folclórica /
_cRafael Chaljub Mejía.
264 4 _aSanto Domingo :
_bAmigo del Hogar ;
_c2006.
300 _axxxii, 416, [1] páginas :
_bilustraciones, retratos ;
_c26 cm.
336 _atexto
_btxt
_2rdacontent
337 _asin mediación
_bn
_2rdamedia
338 _avolumen
_bnc
_2rdacarrier
650 4 _aMerengue (Música)
_91101
_zRepública Dominicana
650 4 _aMúsica folclórica
_953029
_xMerengue
_zRepública Dominicana
650 4 _aMúsica popular
_zRepública Dominicana
_91323
910 _aValidado. Control de calidad/MAA
942 _2ddc
_cLBS1
999 _c41882
_d41882